Les équipes qui ont réalisé un sans faute en phase de poules de LDC - Statistiques

Statistiques générales
  • Ce quiz a été pris 143 fois
  • Le résultat moyen est 12 sur 13
Statistiques - réponses
Saison Pays du Club Club % Correct
1992-1993 Italie AC Milan
99%
2019-2020 Allemagne Bayern Munich
98%
2021-2022 Allemagne Bayern Munich
98%
2022-2023 Allemagne Bayern Munich
98%
2002-2003 Espagne FC Barcelone
98%
2023-2024 Angleterre Manchester City
98%
1994-1995 France Paris Saint-Germain
98%
2011-2012 Espagne Real Madrid
98%
2014-2015 Espagne Real Madrid
98%
2023-2024 Espagne Real Madrid
98%
2021-2022 Pays-Bas Ajax Amsterdam
97%
2021-2022 Angleterre Liverpool
97%
1995-1996 Russie Spartak Moscou
38%
Aucun quiz correspondant
Distribution des résultats
% des personnes avec chaque résultat
Percentile par nombre de réponses
Votre historique - résultats
Vous n’avez pas pris ce quiz